00884nam a2200241 a 4500001001000000003000400010005001700014008004100031020001500072040002500087082001900112100002800131245005600159260007300215300002100288650003200309650003200341942001300373952010400386952012300490956001200613999001700625000024454OSt20200930023201.0110127s2000 bl r 000 j por d a8528607895 aDO-SdBNPbspacBNPHU aB869.93bC163a1 aCalloni, Antonio95013110aA ilha de Sagitário :bcontos /cAntonio Calloni. aRio de Janeiro, (Brasil) :bFundação Biblioteca Nacional,c2000. a106 p. ;c21 cm. 4aCuentos brasileños924191 4aLiteratura brasileña9823 2ddccLF1 00102ddc50718MOaGRbGRd2011-01-27iLF1l0oB869.93 C163ap24454-10r2020-06-25w2020-06-25y1 001150718MOaGRbGRcMId2017-04-06iLF1l0oB869.93 C163ap24454-20r2020-06-25te. 2w2020-06-25y1ZNo se presta aLOPEREZ c23947d23947